000 00603nam a22001937a 4500
003 BUBTL
008 170515b xxu||||| |||| 00| 0 eng d
020 _a978-1-78242-465-9
082 _a677HOH
100 _91188
_aHorrocks,A.Richard/ Anand,Subhash C.
245 _aHandbook of Technical Textiles (Vol-2)
_bTechnical Textile Applications
260 _aAmsterdam
_bElsevier
_cc2016
300 _a[xx],430p.
_c21cm.
650 0 _9909
_aTextile Engineering
700 _91189
_aHorrocks,A.Richard/ Anand,Subhash C.
856 _k0
_l0
_yDownload
942 _2ddc
_cBK
999 _c5445
_d5445